[Event "Xtracon Chess Open 2016"]
[Site "Elsinore"]
[Date "2016.07.30"]
[Round "9.136"]
[White "Manz, Andreas"]
[Black "Bratteteig, Tore Inge"]
[Result "1/2-1/2"]
[WhiteElo "1890"]
[BlackElo "1710"]
[PlyCount "112"]
[EventDate "2016.07.23"]

1. Nf3 Nf6 2. c4 c5 3. Nc3 Nc6 4. g3 d6 5. Bg2 g6 6. O-O Bg7 7. d4 cxd4 8. Nxd4
Bd7 9. Rb1 a5 10. e4 Nxd4 11. Qxd4 Bc6 12. Qd3 O-O 13. h3 Rb8 14. Re1 Nd7 15.
Be3 Bxc3 16. Qxc3 f5 17. Bh6 Rf7 18. exf5 gxf5 19. Rbd1 Bxg2 20. Kxg2 Qc7 21.
Rd5 Ne5 22. Rd4 b5 23. cxb5 Qxc3 24. bxc3 Rxb5 25. Re2 Rb7 26. Rd5 Ra7 27. Rb5
Nd7 28. Reb2 Rf6 29. Bg5 Rf7 30. Bh6 Rf6 31. Bg5 Rf7 32. Rb7 Rxb7 33. Rxb7 e5
34. Ra7 Nc5 35. Rxa5 Ne4 36. Bc1 Nxc3 37. a4 Rc7 38. Ra8+ Kf7 39. a5 d5 40. Bd2
d4 41. Kf3 Ne4 42. Be1 Ng5+ 43. Kg2 e4 44. a6 Rc1 45. a7 Ra1 46. Rd8 Rxa7 47.
Rxd4 Nf3 48. Rd1 Nxe1+ 49. Rxe1 h5 50. g4 hxg4 51. hxg4 Kf6 52. gxf5 Rg7+ 53.
Kf1 Kxf5 54. Re3 Ra7 55. Kg2 Ra2 56. Kg3 Ra8 1/2-1/2

[Event "Xtracon Chess Open 2016"]
[Site "Elsinore"]
[Date "2016.07.30"]
[Round "9.137"]
[White "Haugaard, Thomas"]
[Black "Ingebretsen, Jens E"]
[Result "0-1"]
[WhiteElo "1672"]
[BlackElo "1862"]
[PlyCount "44"]
[EventDate "2016.07.23"]

1. d4 d5 2. c4 c6 3. Nc3 Nf6 4. Nf3 dxc4 5. a4 Bf5 6. e3 e6 7. Bxc4 Bb4 8. Bd2
Bg6 9. O-O O-O 10. Ne5 Nbd7 11. Nxg6 hxg6 12. Na2 Bxd2 13. Qxd2 e5 14. Nc3 exd4
15. Qxd4 Nb6 16. Qxd8 Raxd8 17. Ba2 Rd2 18. b3 Rfd8 19. a5 Nbd5 20. Nxd5 Nxd5
21. Bb1 Nc3 22. h3 Rb2 0-1

[Event "Xtracon Chess Open 2016"]
[Site "Elsinore"]
[Date "2016.07.30"]
[Round "9.138"]
[White "Overgaard, Jorgen"]
[Black "Skjolas, Erling Dyrhaug"]
[Result "0-1"]
[WhiteElo "1854"]
[BlackElo "1709"]
[PlyCount "84"]
[EventDate "2016.07.23"]

1. d4 Nf6 2. e3 g6 3. c3 Bg7 4. Bd3 d6 5. f4 O-O 6. Nf3 c5 7. O-O Nc6 8. Qe2
Re8 9. dxc5 dxc5 10. e4 e5 11. fxe5 Nxe5 12. Nxe5 Rxe5 13. Bf4 Re8 14. Bg5 h6
15. Bh4 g5 16. Bg3 Bg4 17. Qe3 b6 18. Na3 Nxe4 19. Bxe4 f5 20. Qd3 Rxe4 21.
Qxd8+ Rxd8 22. h3 f4 23. Bxf4 Be2 24. Rae1 gxf4 25. Rf2 Rd1 26. Rxd1 Bxd1 27.
Rd2 Bh5 28. Nb5 a6 29. Rd8+ Re8 30. Rxe8+ Bxe8 31. Nc7 Bc6 32. Nxa6 Be5 33. b4
Bb5 34. Nxc5 bxc5 35. bxc5 Bxc3 36. Kf2 Bd4+ 37. Kf3 Bc6+ 38. Kxf4 Bxg2 39. h4
Bxc5 40. Kf5 Kg7 41. a4 Bb4 42. Ke6 Bc6 0-1

[Event "Xtracon Chess Open 2016"]
[Site "Elsinore"]
[Date "2016.07.30"]
[Round "9.139"]
[White "van den Brink, Nienke"]
[Black "Hansen, Tommy"]
[Result "1-0"]
[WhiteElo "1612"]
[BlackElo "1835"]
[PlyCount "45"]
[EventDate "2016.07.23"]

1. Nc3 d5 2. e4 d4 3. Nce2 e5 4. d3 Be6 5. f4 f6 6. Nf3 Bd6 7. Bd2 c5 8. fxe5
fxe5 9. Ng3 Nf6 10. Ng5 Bd7 11. Nf5 Bf8 12. Be2 Nc6 13. O-O g6 14. c3 h6 15.
Nh4 hxg5 16. Bxg5 Bg7 17. Nxg6 Rh7 18. Bh5 Nxh5 19. Bxd8 Kxd8 20. Qb3 Kc7 21.
Rf7 Nf4 22. Nxf4 exf4 23. Rxd7+ 1-0

[Event "Xtracon Chess Open 2016"]
[Site "Elsinore"]
[Date "2016.07.30"]
[Round "9.140"]
[White "Nordin, Eric"]
[Black "Hansen, Simon L"]
[Result "1-0"]
[WhiteElo "1832"]
[BlackElo "1636"]
[PlyCount "31"]
[EventDate "2016.07.23"]

1. e4 c5 2. Nc3 d6 3. f4 Nc6 4. Nf3 g6 5. Bc4 Bg7 6. O-O Nf6 7. d3 O-O 8. Qe1
Bd7 9. Qh4 Nd4 10. f5 Nxc2 11. fxg6 hxg6 12. Ng5 Nh5 13. Nxf7 Qb8 14. Nd5 e6
15. Ne7+ Kh7 16. Qg5 1-0

[Event "Xtracon Chess Open 2016"]
[Site "Elsinore"]
[Date "2016.07.30"]
[Round "9.141"]
[White "Shehzad, Kasher"]
[Black "Fridthjofsdottir, Sigurl. Regina"]
[Result "0-1"]
[WhiteElo "1656"]
[BlackElo "1815"]
[PlyCount "86"]
[EventDate "2016.07.23"]

1. e4 e6 2. c4 d5 3. cxd5 exd5 4. exd5 Qxd5 5. Nc3 Qd8 6. Bc4 Nf6 7. Qb3 Qd7 8.
Nf3 Bd6 9. O-O O-O 10. d4 Nc6 11. Qc2 Nb4 12. Qd1 c6 13. a3 Nbd5 14. Ne5 Qc7
15. f4 Nxc3 16. bxc3 b5 17. Bb3 c5 18. Be3 c4 19. Bc2 Bb7 20. Qe1 Rfe8 21. Qh4
Be4 22. Rf2 Rad8 23. g4 Bxc2 24. Rxc2 Nd5 25. Bc1 f6 26. Nf3 Bxf4 27. g5 Bxc1
28. Raxc1 Qf4 29. Qxf4 Nxf4 30. gxf6 gxf6 31. Rb1 Re3 32. Kf2 Rde8 33. Rxb5
Nd3+ 34. Kg3 Rxf3+ 35. Kxf3 Ne1+ 36. Kf4 Nxc2 37. Ra5 Re7 38. Kf5 Kf7 39. Ra4
Ne3+ 40. Kf4 Nd5+ 41. Kf5 Nxc3 42. Rxc4 Nb5 43. Ra4 Rd7 0-1

[Event "Xtracon Chess Open 2016"]
[Site "Elsinore"]
[Date "2016.07.30"]
[Round "9.142"]
[White "Ronnestad, Liam Jansson"]
[Black "Nielsen, Henrik Wendelbo"]
[Result "1/2-1/2"]
[WhiteElo "1502"]
[BlackElo "1815"]
[PlyCount "96"]
[EventDate "2016.07.23"]

1. e4 g6 2. d4 Bg7 3. Nf3 d6 4. Nc3 c6 5. Bc4 b5 6. Bb3 e6 7. a4 b4 8. Ne2 Ne7
9. Bd2 c5 10. c3 a5 11. Qc1 Ba6 12. Bh6 Rg8 13. Bxg7 Rxg7 14. Qh6 Rg8 15. Qxh7
c4 16. Bd1 Nd7 17. Ng5 Rf8 18. O-O Nf6 19. Qh4 Neg8 20. g3 Qd7 21. e5 dxe5 22.
dxe5 Nd5 23. Nh7 Rc8 24. Nxf8 Kxf8 25. cxb4 axb4 26. Re1 Bb7 27. Rc1 c3 28.
bxc3 bxc3 29. Bc2 Nde7 30. Be4 Nf5 31. Qf4 g5 32. Qf3 Ba6 33. Nxc3 Nd4 34. Qd1
Ne7 35. Bd3 Bb7 36. Be4 Nef5 37. Bxb7 Qxb7 38. Re4 Rxc3 39. Rxc3 Qxe4 40. Rc8+
Kg7 41. Qh5 Nf3+ 42. Kg2 Nxe5+ 43. Kg1 Nf3+ 44. Kg2 N3h4+ 45. Kf1 Qd3+ 46. Qe2
Qb1+ 47. Qe1 Qd3+ 48. Qe2 Qb1+ 1/2-1/2

[Event "Xtracon Chess Open 2016"]
[Site "Elsinore"]
[Date "2016.07.30"]
[Round "9.143"]
[White "Densing, Gerd"]
[Black "Sidali, Elias Hulleberg"]
[Result "1-0"]
[WhiteElo "1814"]
[BlackElo "1491"]
[PlyCount "155"]
[EventDate "2016.07.23"]

1. d4 d5 2. Nf3 Nf6 3. e3 e6 4. Bd3 c5 5. b3 cxd4 6. exd4 Nc6 7. a3 Bd6 8. Bb2
O-O 9. Ne5 Qc7 10. f4 Nd7 11. O-O f6 12. Nxc6 bxc6 13. g3 e5 14. fxe5 fxe5 15.
Rxf8+ Nxf8 16. Nd2 e4 17. Be2 Nd7 18. Nf1 Nf6 19. c4 Rb8 20. c5 Be7 21. b4 Bd7
22. Bc1 Qd8 23. Bf4 Ra8 24. Ne3 a5 25. Kg2 Qc8 26. Be5 Bh3+ 27. Kg1 Bd7 28. Rb1
axb4 29. Rxb4 Bd8 30. Qb3 Bc7 31. Bxc7 Qxc7 32. Rb7 Qa5 33. Rb8+ Rxb8 34. Qxb8+
Kf7 35. Qb4 Qxb4 36. axb4 Ne8 37. Kf2 Nc7 38. g4 g6 39. Kg3 Kf6 40. h4 g5 41.
h5 Ne6 42. Nc2 Nf4 43. Bf1 Ne6 44. Ba6 Nc7 45. Be2 Ne6 46. Kf2 Nf4 47. Bd1 h6
48. Ke3 Ng2+ 49. Kd2 Bc8 50. Na3 Nf4 51. b5 Ne6 52. Ke3 cxb5 53. Nxb5 Ba6 54.
Nd6 Nf4 55. Nf5 Ng2+ 56. Kf2 Nf4 57. Nxh6 Nd3+ 58. Ke3 Nb2 59. Bc2 Nc4+ 60. Kf2
e3+ 61. Ke1 Nd2 62. Bd1 Bc8 63. c6 Be6 64. Nf5 Bxf5 65. gxf5 Nc4 66. Bb3 Nd6
67. Bxd5 Kxf5 68. c7 g4 69. Bb7 g3 70. c8=Q+ Nxc8 71. Bxc8+ Kg5 72. Bh3 Kxh5
73. Ke2 Kg5 74. Kxe3 Kf6 75. Ke4 Ke7 76. Kd5 Kd8 77. Kd6 Ke8 78. Kc7 1-0

[Event "Xtracon Chess Open 2016"]
[Site "Elsinore"]
[Date "2016.07.30"]
[Round "9.145"]
[White "Molgaard, Steen"]
[Black "Narheim, Mats"]
[Result "1-0"]
[WhiteElo "2078"]
[BlackElo "1467"]
[PlyCount "65"]
[EventDate "2016.07.23"]

1. d4 Nf6 2. Nf3 e6 3. g3 d5 4. Bg2 c5 5. O-O Nc6 6. c3 cxd4 7. cxd4 Bd6 8. Nc3
O-O 9. Bg5 Be7 10. Rc1 Ne4 11. Nxe4 Bxg5 12. Nexg5 h6 13. Nh3 Qd6 14. Nf4 Rd8
15. e3 e5 16. Nxe5 Nxe5 17. dxe5 Qxe5 18. Qd4 Qxd4 19. exd4 Be6 20. Nxe6 fxe6
21. Bh3 Rd6 22. Rfe1 Re8 23. Rc7 Rb6 24. b3 Kh7 25. f4 Kg6 26. f5+ Kf6 27.
Rxe6+ Rbxe6 28. fxe6 g5 29. Rf7+ Kg6 30. Bf5+ Kh5 31. g4+ Kh4 32. Rh7 Kh3 33.
Rxh6# 1-0

[Event "Xtracon Chess Open 2016"]
[Site "Elsinore"]
[Date "2016.07.30"]
[Round "9.146"]
[White "Petersen, Jan"]
[Black "Bering, Anders"]
[Result "0-1"]
[WhiteElo "1694"]
[BlackElo "1967"]
[PlyCount "116"]
[EventDate "2016.07.23"]

1. d4 Nf6 2. c4 e6 3. Nc3 Bb4 4. Nf3 d5 5. e3 Ne4 6. Qc2 Nd7 7. a3 Bxc3+ 8.
bxc3 b6 9. cxd5 exd5 10. Bd3 Ndf6 11. O-O O-O 12. Nd2 Nd6 13. a4 c5 14. Ba3 c4
15. Be2 Bf5 16. Qa2 Re8 17. Bxd6 Qxd6 18. Bf3 Bg4 19. Nxc4 dxc4 20. Bxa8 Rxa8
21. Qxc4 Ne4 22. Qb4 Qh6 23. d5 Nf6 24. Qd4 Qg5 25. f3 Bh3 26. Ra2 Nxd5 27. f4
Nxf4 28. exf4 Qg6 29. Rd2 h5 30. Qd3 Bf5 31. Qd5 Re8 32. Qd4 h4 33. Qf2 h3 34.
Qg3 Qc6 35. Rfd1 Qc5+ 36. Kh1 hxg2+ 37. Rxg2 g6 38. Rgd2 Be4+ 39. Rg2 Bxg2+ 40.
Kxg2 Re2+ 41. Kf1 Re3 42. Rd8+ Kg7 43. Qh4 Qh5 44. Qxh5 gxh5 45. Ra8 a5 46. Rb8
Rxc3 47. Rxb6 Rc4 48. Rb5 Rxf4+ 49. Ke1 Rxa4 50. Rxh5 Ra2 51. Rb5 a4 52. Ra5 a3
53. h4 Kg6 54. h5+ Kh6 55. Kf1 f5 56. Rxf5 Rb2 57. Ra5 a2 58. Ke1 Rb1+ 0-1

[Event "Xtracon Chess Open 2016"]
[Site "Elsinore"]
[Date "2016.07.30"]
[Round "9.147"]
[White "Stuhr, Peter Sebastian"]
[Black "Ornebjerg, Henrik"]
[Result "1/2-1/2"]
[WhiteElo "1918"]
[BlackElo "1687"]
[PlyCount "120"]
[EventDate "2016.07.23"]

1. e4 c5 2. Nc3 d6 3. f4 Nf6 4. Nf3 Nc6 5. Bb5 a6 6. Bxc6+ bxc6 7. d3 e6 8. O-O
Be7 9. b3 O-O 10. e5 Nd5 11. Na4 Nb6 12. exd6 Bxd6 13. Nxb6 Qxb6 14. Be3 Rd8
15. Qe1 Be7 16. Rd1 a5 17. Qf2 Ba6 18. Nd2 Qb4 19. a4 Rd5 20. Ne4 Rad8 21. Bd2
Qd4 22. Be3 Qb4 23. Qd2 c4 24. bxc4 Bxc4 25. Rb1 Qxd2 26. Bxd2 Ba6 27. Rb6 Bc8
28. Rxc6 f5 29. Nc3 Rc5 30. Rb6 Rxc3 31. Rxe6 Bxe6 32. Bxc3 Rc8 33. Bxa5 Rxc2
34. Bb6 Bd5 35. Rf2 Bc5 36. Bxc5 Rxc5 37. Rb2 Bc6 38. d4 Ra5 39. Rb6 Bxa4 40.
Kf2 Rb5 41. Rd6 g6 42. Rd8+ Kg7 43. d5 Rb4 44. g3 Rb2+ 45. Ke3 Rxh2 46. Ra8 Bb5
47. Kd4 Re2 48. Kc5 Be8 49. Ra7+ Kg8 50. Kd6 h6 51. Re7 Bb5 52. Rxe2 Bxe2 53.
Ke7 Bb5 54. Kf6 Kh7 55. d6 Bd7 56. Ke7 Bc8 57. Kd8 Ba6 58. Ke7 Bb5 59. Kf6 Ba4
60. Kf7 Bb3+ 1/2-1/2

[Event "Xtracon Chess Open 2016"]
[Site "Elsinore"]
[Date "2016.07.30"]
[Round "9.148"]
[White "Lavrsen, Frands Winther"]
[Black "Madsen, Dennis"]
[Result "1-0"]
[WhiteElo "1851"]
[BlackElo "1665"]
[PlyCount "39"]
[EventDate "2016.07.23"]

1. Nf3 g6 2. g3 Bg7 3. Bg2 d6 4. d4 Nh6 5. O-O O-O 6. c4 c6 7. Nc3 f5 8. Qc2
Nf7 9. Rd1 Nd7 10. Rb1 e5 11. dxe5 Nfxe5 12. b3 Nxf3+ 13. Bxf3 Ne5 14. Bg2 Rf6
15. Bg5 Qf8 16. Bxf6 Qxf6 17. Rbc1 b6 18. f4 Bb7 19. fxe5 Qxe5 20. Rd3 1-0

[Event "Xtracon Chess Open 2016"]
[Site "Elsinore"]
[Date "2016.07.30"]
[Round "9.149"]
[White "Grotle, Ramona"]
[Black "Madison, Sigurd"]
[Result "1-0"]
[WhiteElo "1632"]
[BlackElo "1846"]
[PlyCount "73"]
[EventDate "2016.07.23"]

1. e4 c5 2. Nf3 Nc6 3. d3 d6 4. g3 Nf6 5. Bg2 Bg4 6. c3 Qd7 7. Nbd2 Ne5 8. Qc2
h6 9. O-O Nxf3+ 10. Nxf3 Nh7 11. Re1 O-O-O 12. d4 Ng5 13. Nxg5 hxg5 14. f3 Bh5
15. dxc5 f6 16. cxd6 e5 17. Be3 Kb8 18. Rad1 Qc6 19. Qf2 b6 20. Re2 g4 21. f4
Bxd6 22. Red2 Kc7 23. Qf1 Kb7 24. a4 Bf7 25. fxe5 Bc4 26. Qf5 fxe5 27. Qxg4
Rhg8 28. Qg6 Kc7 29. a5 Bb3 30. axb6+ axb6 31. Ra1 Kb7 32. Qg4 Bc5 33. Qe2 Bc4
34. Qe1 Qh6 35. Rd4 Bxd4 36. cxd4 Qh5 37. Qb4 1-0

[Event "Xtracon Chess Open 2016"]
[Site "Elsinore"]
[Date "2016.07.30"]
[Round "9.150"]
[White "Rasmussen, Henrik"]
[Black "Lindsjorn, Yngve"]
[Result "1-0"]
[WhiteElo "1833"]
[BlackElo "1582"]
[PlyCount "91"]
[EventDate "2016.07.23"]

1. f4 d5 2. Nf3 Bf5 3. b3 Nf6 4. Bb2 e6 5. e3 Be7 6. Be2 h6 7. Ne5 Nbd7 8. O-O
c6 9. c4 Qc7 10. d4 Nxe5 11. fxe5 Ne4 12. Nd2 Nxd2 13. Qxd2 O-O-O 14. cxd5 Rxd5
15. Qc3 Bg6 16. Bc4 Rdd8 17. Rac1 Kb8 18. b4 Qb6 19. Ba3 Rc8 20. Rf2 Qd8 21.
Bb2 Rf8 22. a4 Be4 23. Re2 g5 24. Ba3 h5 25. Rf2 h4 26. Rcf1 Qe8 27. Qb2 b5 28.
Bb3 a6 29. Qd2 Rc7 30. Bb2 Kb7 31. Bd1 Bg6 32. Bf3 Qd8 33. e4 f5 34. exf6 Bxf6
35. d5 e5 36. axb5 cxb5 37. Rc1 Rc4 38. Rxc4 bxc4 39. Bc3 Qb6 40. Qb2 Be8 41.
Be2 Bb5 42. Kf1 Qd6 43. Ke1 Rg8 44. Bg4 Re8 45. Bd2 Bd7 46. Bxd7 1-0

[Event "Xtracon Chess Open 2016"]
[Site "Elsinore"]
[Date "2016.07.30"]
[Round "9.151"]
[White "Joensen, Sigurd"]
[Black "Rose, Dennis Lauge"]
[Result "0-1"]
[WhiteElo "1615"]
[BlackElo "1814"]
[PlyCount "44"]
[EventDate "2016.07.23"]

1. e4 c5 2. Nc3 d6 3. h3 Nc6 4. Nf3 e5 5. Bb5 Bd7 6. d3 a6 7. Bxc6 Bxc6 8. O-O
Be7 9. a3 Nf6 10. Bg5 Nd7 11. Qd2 O-O 12. Bxe7 Qxe7 13. Rad1 f5 14. Qg5 Qe6 15.
Nh4 f4 16. Nf5 Rf7 17. h4 Kh8 18. h5 Rg8 19. h6 gxh6 20. Qxh6 Rf6 21. Qh4 Rxf5
22. exf5 Rxg2+ 0-1

[Event "Xtracon Chess Open 2016"]
[Site "Elsinore"]
[Date "2016.07.30"]
[Round "9.152"]
[White "Vestjord, Harald Christian"]
[Black "Rasmussen, Morten(1956)"]
[Result "1-0"]
[WhiteElo "1608"]
[BlackElo "1808"]
[PlyCount "89"]
[EventDate "2016.07.23"]

1. d4 f5 2. c4 Nf6 3. Nc3 g6 4. g3 Bg7 5. Bg5 d6 6. Bg2 h6 7. Bxf6 Bxf6 8. e3
c5 9. Nge2 Qb6 10. Qd2 Nc6 11. Nd5 Qd8 12. Nxf6+ exf6 13. dxc5 dxc5 14. Bxc6+
bxc6 15. Qxd8+ Kxd8 16. O-O-O+ Kc7 17. Nc3 Be6 18. b3 Rhd8 19. Na4 Rxd1+ 20.
Rxd1 Rd8 21. Rxd8 Kxd8 22. Nxc5 Bf7 23. Kd2 Kc7 24. Kc3 Kd6 25. b4 Bg8 26. f4
Bf7 27. a4 Bg8 28. Kd4 Kc7 29. a5 Bf7 30. b5 cxb5 31. cxb5 Ba2 32. Nd3 Kd6 33.
Nb2 Be6 34. Nc4+ Kc7 35. Kc5 Kb7 36. Nd6+ Kc7 37. Ne8+ Kb7 38. Nxf6 Kc7 39.
Nd5+ Kb7 40. Kd6 Bf7 41. b6 axb6 42. axb6 Bg8 43. Ne7 Bf7 44. Ke5 Kxb6 45. Kf6
1-0

[Event "Xtracon Chess Open 2016"]
[Site "Elsinore"]
[Date "2016.07.30"]
[Round "9.153"]
[White "Weber, Andreas"]
[Black "Bjarnason, Larus H"]
[Result "1/2-1/2"]
[WhiteElo "1808"]
[BlackElo "1586"]
[PlyCount "137"]
[EventDate "2016.07.23"]

1. e4 c6 2. d3 d5 3. Nd2 e5 4. Ngf3 Bd6 5. g3 Nf6 6. Bg2 h6 7. O-O Be6 8. b3
Nbd7 9. Bb2 d4 10. Nc4 Bc7 11. a4 O-O 12. c3 c5 13. cxd4 exd4 14. Nh4 Nb6 15.
Nd2 Ng4 16. h3 Ne5 17. Ndf3 Nc6 18. Nh2 g5 19. Nf5 Bxf5 20. exf5 f6 21. Qh5 Qe8
22. Qxh6 Ne7 23. Be4 Nd7 24. h4 Rf7 25. Qh5 Rh7 26. Qxe8+ Rxe8 27. hxg5 fxg5
28. f6 Nxf6 29. Bxh7+ Kxh7 30. Rfe1 Nfd5 31. Ng4 Rf8 32. Kg2 Kg7 33. Rh1 Nc6
34. Rh5 Kg6 35. Rah1 Bd8 36. Rh8 Rxh8 37. Rxh8 Ndb4 38. Bc1 Nxd3 39. Bd2 Kf5
40. f3 Ba5 41. Rf8+ Ke6 42. Bxg5 Ne1+ 43. Kf2 Nc2 44. Rf6+ Kd5 45. Bf4 c4 46.
Rd6+ Kc5 47. bxc4 Kxc4 48. Ne5+ Nxe5 49. Bxe5 d3 50. Bf4 Bb6+ 51. Rxb6 axb6 52.
Bd2 b5 53. axb5 Kxb5 54. g4 Kc4 55. g5 Nd4 56. g6 Nf5 57. Ke1 b5 58. Kd1 Kd5
59. Bc3 Ke6 60. Kd2 Nh4 61. g7 Kf7 62. f4 Nf5 63. Kxd3 Nxg7 64. Ke4 Ne8 65. Kd5
Nc7+ 66. Kc6 Ne6 67. f5 b4 68. fxe6+ Kxe6 69. Bxb4 1/2-1/2

[Event "Xtracon Chess Open 2016"]
[Site "Elsinore"]
[Date "2016.07.30"]
[Round "9.154"]
[White "Nielsen, Jens Holm"]
[Black "Skjolingstad, Sverre"]
[Result "1/2-1/2"]
[WhiteElo "1801"]
[BlackElo "1509"]
[PlyCount "68"]
[EventDate "2016.07.23"]

1. Nc3 c5 2. Nf3 Nc6 3. d4 cxd4 4. Nxd4 e6 5. Bf4 a6 6. e4 d6 7. Nxc6 bxc6 8.
Bd3 Nf6 9. O-O Be7 10. e5 Nd5 11. Nxd5 cxd5 12. Qg4 dxe5 13. Bxe5 Bf6 14. Qd4
Bxe5 15. Qxe5 Qf6 16. Qd6 Qe7 17. Qxe7+ Kxe7 18. f4 a5 19. Rae1 f6 20. Rf3 Rb8
21. b3 Rb6 22. c4 dxc4 23. Bxc4 Ba6 24. Bxa6 Rxa6 25. Rc3 Rd8 26. Rec1 Rad6 27.
Rc7+ R6d7 28. Rxd7+ Rxd7 29. Rc2 Rd4 30. g3 Kd7 31. Kf2 h6 32. Ke3 Rd5 33. Rc4
g5 34. Ra4 gxf4+ 1/2-1/2

[Event "Xtracon Chess Open 2016"]
[Site "Elsinore"]
[Date "2016.07.30"]
[Round "9.155"]
[White "Horslund, Mikael"]
[Black "Sather, Lars"]
[Result "1-0"]
[WhiteElo "1604"]
[BlackElo "1799"]
[PlyCount "153"]
[EventDate "2016.07.23"]

1. e4 e6 2. d3 d6 3. f4 g6 4. Nf3 Bg7 5. Nc3 c6 6. Bd2 Ne7 7. Qe2 Bd7 8. g4 f5
9. gxf5 exf5 10. e5 dxe5 11. Nxe5 Qc7 12. h4 c5 13. h5 Bxe5 14. fxe5 Bc6 15.
Rg1 Nd7 16. Bg5 Qxe5 17. O-O-O Qxe2 18. Bxe2 Ne5 19. d4 cxd4 20. Nb5 Bxb5 21.
Bxb5+ Kf7 22. Ba4 N7c6 23. Bb3+ Kf8 24. Bh6+ Ke7 25. Rge1 Kf6 26. c3 Rac8 27.
Kb1 Rhd8 28. Rg1 Ng4 29. Rxg4 fxg4 30. Rf1+ Ke5 31. Re1+ Kd6 32. hxg6 hxg6 33.
Bf4+ Kc5 34. cxd4+ Nxd4 35. Bd1 Re8 36. Rh1 Re4 37. Bg3 Ne2 38. Bxe2 Rxe2 39.
Rc1+ Kd4 40. Rxc8 Rg2 41. Bb8 Kd3 42. Rc3+ Ke4 43. Bxa7 Rh2 44. Bb8 Rh1+ 45.
Kc2 Rf1 46. a4 Rf2+ 47. Kb3 Rf3 48. Kc4 Rxc3+ 49. Kxc3 Kf3 50. b4 g3 51. a5 g2
52. Ba7 Ke4 53. Kc4 Ke5 54. b5 Kd6 55. Bb8+ Kd7 56. Bh2 Kc8 57. Kc5 g5 58. Kb6
g1=Q+ 59. Bxg1 Kb8 60. Bh2+ Ka8 61. Kc5 Ka7 62. Bc7 g4 63. Kd4 Ka8 64. Ke3 Ka7
65. Kf4 Ka8 66. Kxg4 Ka7 67. Kf5 Ka8 68. Ke6 Ka7 69. Kd5 Ka8 70. Kc5 Ka7 71.
Bd8 Ka8 72. Kb6 Kb8 73. Be7 Ka8 74. Kc7 Ka7 75. Bc5+ Ka8 76. a6 bxa6 77. b6 1-0

[Event "Xtracon Chess Open 2016"]
[Site "Elsinore"]
[Date "2016.07.30"]
[Round "9.156"]
[White "Starup, Leo"]
[Black "Zakariassen, Tom"]
[Result "0-1"]
[WhiteElo "1598"]
[BlackElo "1797"]
[PlyCount "90"]
[EventDate "2016.07.23"]

1. e4 c5 2. Nf3 Nc6 3. d4 cxd4 4. Nxd4 Nf6 5. Nc3 e6 6. Nxc6 bxc6 7. Bd3 d5 8.
exd5 cxd5 9. O-O Be7 10. b3 O-O 11. Bb2 Qb6 12. Be2 Ba6 13. Bxa6 Qxa6 14. a4
Rfc8 15. Nb5 Qb7 16. Rc1 a6 17. Nd4 Rc7 18. Nf3 Rac8 19. Be5 Rd7 20. Nd4 Ne4
21. Qg4 Bf6 22. Bxf6 Nxf6 23. Qf3 Rdc7 24. Rfe1 Qb4 25. Qf4 Rxc2 26. Qe3 Rxc1
27. Rxc1 Rxc1+ 28. Qxc1 h6 29. Qc8+ Kh7 30. Qc2+ g6 31. Nf3 Ne4 32. g3 Qc3 33.
Qxc3 Nxc3 34. Ne5 Kg7 35. Nd7 Na2 36. Nc5 Nb4 37. Kf1 Kf6 38. Ke2 Ke7 39. Nd3
Nxd3 40. Kxd3 a5 41. Kd4 Kd6 42. f4 f6 43. b4 axb4 44. g4 e5+ 45. fxe5+ fxe5+
0-1

[Event "Xtracon Chess Open 2016"]
[Site "Elsinore"]
[Date "2016.07.30"]
[Round "9.157"]
[White "Langvik, Ulrikke"]
[Black "Arbeus, Carl Johan"]
[Result "1/2-1/2"]
[WhiteElo "1583"]
[BlackElo "1784"]
[PlyCount "103"]
[EventDate "2016.07.23"]

1. d4 Nf6 2. c4 g6 3. Nc3 Bg7 4. h4 h5 5. f3 d6 6. e4 Nc6 7. Be3 a6 8. Be2 Rb8
9. g4 hxg4 10. fxg4 Qd7 11. g5 Ng4 12. Bxg4 Qxg4 13. Nf3 Qh5 14. Nd5 Kd8 15.
Nf4 Qh7 16. Rg1 e5 17. Ne2 exd4 18. Nexd4 Ne5 19. Nxe5 Qxh4+ 20. Ke2 Bxe5 21.
Kd3 Bxd4 22. Bxd4 Qh3+ 23. Kc2 Qh2+ 24. Qd2 Qxd2+ 25. Kxd2 Rh2+ 26. Ke3 Be6 27.
Rh1 Rxh1 28. Rxh1 Kd7 29. b3 b5 30. cxb5 axb5 31. Rd1 Ra8 32. Rd2 Kc6 33. Bf6
Ra3 34. Rc2+ Kd7 35. Kf4 b4 36. Ke3 Bxb3 37. axb3 Rxb3+ 38. Kd2 c5 39. e5 Rh3
40. Kc1 Kc6 41. Be7 b3 42. Rc4 Kd5 43. exd6 Kxc4 44. d7 Rd3 45. d8=Q Rxd8 46.
Bxd8 Kd3 47. Kb2 c4 48. Bf6 Kd2 49. Be5 Kd3 50. Bc3 Ke4 51. Bf6 Kd3 52. Bc3
1/2-1/2

[Event "Xtracon Chess Open 2016"]
[Site "Elsinore"]
[Date "2016.07.30"]
[Round "9.158"]
[White "Pedersen, Carl Aage"]
[Black "Yilmaz, Kazim"]
[Result "1/2-1/2"]
[WhiteElo "1781"]
[BlackElo "1542"]
[PlyCount "51"]
[EventDate "2016.07.23"]

1. d4 d5 2. c4 c6 3. Nc3 Nf6 4. Nf3 e6 5. e3 Bb4 6. Bd2 O-O 7. Bd3 Nbd7 8. O-O
dxc4 9. Bxc4 Qc7 10. Qc2 h6 11. h3 e5 12. dxe5 Nxe5 13. Be2 Nxf3+ 14. Bxf3 Qe5
15. Ne4 Bxd2 16. Nxd2 Bf5 17. Nc4 Bxc2 18. Nxe5 Rae8 19. Ng4 Nxg4 20. Bxg4 Rd8
21. f4 Rd2 22. Rf2 Rfd8 23. Raf1 Be4 24. Rxd2 Rxd2 25. Rf2 Rxf2 26. Kxf2
1/2-1/2

[Event "Xtracon Chess Open 2016"]
[Site "Elsinore"]
[Date "2016.07.30"]
[Round "9.159"]
[White "Nielsen, Kai Gylling"]
[Black "Opseth, Oliver"]
[Result "0-1"]
[WhiteElo "1780"]
[BlackElo "1545"]
[PlyCount "54"]
[EventDate "2016.07.23"]

1. e4 e5 2. Nf3 Nc6 3. Bc4 Bc5 4. c3 Nf6 5. O-O O-O 6. d4 exd4 7. cxd4 Bb6 8.
Bg5 h6 9. Bh4 g5 10. e5 gxh4 11. exf6 Qxf6 12. d5 Nd4 13. Nbd2 Nxf3+ 14. Nxf3
Qxb2 15. Nxh4 Qd4 16. Qxd4 Bxd4 17. Rad1 Bc5 18. d6 Bxd6 19. Nf5 Bc5 20. Nxh6+
Kg7 21. Nxf7 Rxf7 22. Bxf7 Kxf7 23. Rd3 d6 24. Re1 Bd7 25. Rf3+ Kg6 26. Rg3+
Kh6 27. h3 Rf8 0-1

[Event "Xtracon Chess Open 2016"]
[Site "Elsinore"]
[Date "2016.07.30"]
[Round "9.160"]
[White "Merkesvik, Amalie Isabel"]
[Black "Gottschalck, Christian"]
[Result "1/2-1/2"]
[WhiteElo "1574"]
[BlackElo "1778"]
[PlyCount "85"]
[EventDate "2016.07.23"]

1. e4 d5 2. exd5 Nf6 3. d4 Nxd5 4. Nf3 Bg4 5. c4 Nb6 6. Be3 e6 7. a3 Be7 8. Nc3
c6 9. c5 Nd5 10. Nxd5 exd5 11. Be2 O-O 12. O-O Nd7 13. Re1 Re8 14. Qd3 Bh5 15.
Qc2 Bg6 16. Bd3 Bxd3 17. Qxd3 Nf8 18. Re2 Ne6 19. Rae1 Bf6 20. h3 h6 21. Qd2
Qd7 22. Nh2 Ng5 23. Bxg5 Bxg5 24. Qd3 Rxe2 25. Qxe2 Kf8 26. Nf3 Bf4 27. Ne5
Bxe5 28. Qxe5 Re8 29. Qxe8+ Qxe8 30. Rxe8+ Kxe8 31. Kf1 Ke7 32. Ke2 Kf6 33. Kf3
h5 34. g4 Kg5 35. Kg3 h4+ 36. Kf3 f5 37. gxf5 Kxf5 38. b4 a6 39. Ke3 g6 40. f4
g5 41. fxg5 Kxg5 42. Kf3 Kf5 43. Ke3 1/2-1/2

[Event "Xtracon Chess Open 2016"]
[Site "Elsinore"]
[Date "2016.07.30"]
[Round "9.161"]
[White "Nielsen, Palle"]
[Black "Gaure, Sigurd Lauvas"]
[Result "1-0"]
[WhiteElo "1778"]
[BlackElo "1514"]
[PlyCount "59"]
[EventDate "2016.07.23"]

1. d4 Nf6 2. c4 g6 3. Nc3 Bg7 4. e4 d6 5. Bg5 Nbd7 6. f4 e5 7. dxe5 dxe5 8.
fxe5 Nxe5 9. Qxd8+ Kxd8 10. Nd5 Ned7 11. O-O-O Ke8 12. Nxc7+ Kf8 13. Bxf6 Bh6+
14. Kb1 Nxf6 15. Rd8+ Kg7 16. Rxh8 Kxh8 17. Nxa8 Nxe4 18. Nh3 g5 19. Bd3 Bf5
20. Re1 Nc3+ 21. Kc2 Bxd3+ 22. Kxd3 Nxa2 23. Ra1 Nb4+ 24. Kc3 Nc6 25. g4 Bg7+
26. Kb3 Nd4+ 27. Ka2 Nc2 28. Rd1 Nb4+ 29. Kb3 Nc6 30. Nxg5 1-0

[Event "Xtracon Chess Open 2016"]
[Site "Elsinore"]
[Date "2016.07.30"]
[Round "9.163"]
[White "Jacobsen, Caroline Beer"]
[Black "Rendlev, Niels Moller"]
[Result "0-1"]
[WhiteElo "1544"]
[BlackElo "1771"]
[PlyCount "96"]
[EventDate "2016.07.23"]

1. e4 e6 2. d4 d5 3. exd5 exd5 4. Bd3 Nf6 5. Nf3 Bg4 6. O-O Be7 7. Re1 O-O 8.
Nbd2 Nbd7 9. c3 Re8 10. Nf1 c5 11. Ne3 Bh5 12. Nf5 Bf8 13. Bd2 Qb6 14. Rb1 Ne4
15. Be3 c4 16. Be2 Ndf6 17. h3 Qe6 18. g4 Nxg4 19. hxg4 Bxg4 20. Ng3 Bd6 21.
Bxc4 dxc4 22. Ng5 Qd7 23. Qc2 Bxg3 24. fxg3 h6 25. Nxe4 Bf5 26. Bf4 Qd5 27. Qf2
Bxe4 28. Rbd1 f5 29. Be5 Rad8 30. Qf1 g5 31. Qh3 Kh7 32. Bf6 g4 33. Qh5 Rc8 34.
Rd2 Rg8 35. Rh2 Rg6 36. Bg5 Rcc6 37. Bf4 Qd8 38. Rd1 Qd5 39. Rdd2 Bd3 40. Qh4
Rce6 41. Rd1 Qf3 42. Rc1 Qc6 43. Be5 Qe4 44. Bf4 Qc6 45. Be5 Rg8 46. Qh5 Rgg6
47. Qh4 Qb6 48. Rd1 Rxe5 0-1